000 00392nam a2200157Ia 4500
008 230917s9999||||xx |||||||||||||| ||und||
040 _e87835
_aMAIN
041 _aEnglish
082 _a005.133 D835D
100 _aDrozdek, Adam
245 0 _aData structures and algorithms in C++
250 _a2nd ed.
260 _aSingapore
_bThomson Learning
_c2002
300 _a650 p.
942 _cBK
999 _c111513
_d111513